=LDR 00000nam 2200000 4500 =001 NUTBA000000000001371 =005 20140423152746.0 =006 =007 =008 =020 ##$$a 978-979-22-6486-9 =035 ##$$0010-041400000000641 =040 ##$$a Ind =082 ##$$a 813 =090 ##$$a 813$bKun m =100 ##$$a Sophie kinsella =245 ##$$a Mini shopaholic$cSophie kinsella =260 ##$$a Jakarta$bGramedia$c2010. =300 ##$$a 560 Hlm$c18 cm =850 ##$$a NBPNMAT =990 ##$$a 21101851 =990 ##$$a 21194949/BPAP-NTB/2014 =990 ##$$a 21400613/BPAP-NTB/20142014 =990 ##$$a 0001/BPAP-NTB/20142014 =990 ##$$a 0001/BPAP-NTB/2015 =990 ##$$a 0001/BPAP-NTB/2015